000 00721nam a2200301 a 4500
003 AR-BaBNM
005 20251128205905.0
008 082120s2002 ||||||||||||||000 | spa||
020 _a0-435-29142-4
040 _cAR-BaBNM
100 1 _aLobo, María José
245 0 0 _aBig red bus
_n2
250 _a1ª ed.
260 _aOxford
_bHeinemann
_c1993
300 _a48 p.
_bil.
490 0 _aPupil's book
650 4 _aLENGUAS
650 4 _aINGLES
650 4 _aENSEÑANZA DE IDIOMAS
650 4 _aGRAMATICA
650 4 _aVOCABULARIO
650 4 _aLIBROS DE TEXTO
653 _aEDUCACION GENERAL BASICA
700 1 _aSubirá, Pepita
700 1 _aSababerri, Sagrario
942 _cBK
998 _cCarmen
999 _c13175
_d13175